[Event "DEM U12 2025"]
[Site "Willingen GER"]
[Date "2025.06.13"]
[Round "8"]
[White "Gao, Chenzhuo"]
[Black "Brückner, Julian"]
[Result "0-1"]
[Termination "normal"]
[Board "14"]
[WhiteElo "1707"]
[BlackElo "1802"]
[WhiteClock "00:10:12"]
[BlackClock "00:23:22"]
[PlyCount "70"]
[WhiteFideId "34668608"]
[BlackFideId "34630031"]
[EventCountry "GER"]
[EventRounds "9"]
[EventType "swiss"]
[EventDate "2025.06.07"]

1. d4 {[%clk 01:30:51]} {[%emt 00:00:09]} Nf6 {[%clk 01:30:45]} {[%emt
00:00:15]} 2. Nf3 {[%clk 01:30:52]} {[%emt 00:00:29]} c5 {[%clk 01:30:48]}
{[%emt 00:00:27]} 3. d5 {[%clk 01:30:50]} {[%emt 00:00:33]} b5 {[%clk
01:30:38]} {[%emt 00:00:40]} 4. c4 {[%clk 01:30:29]} {[%emt 00:00:50]} Bb7
{[%clk 01:30:37]} {[%emt 00:00:31]} 5. Bg5 {[%clk 01:28:02]} {[%emt 00:02:57]}
Ne4 {[%clk 01:28:32]} {[%emt 00:02:34]} 6. Nc3 {[%clk 01:25:27]} {[%emt
00:03:06]} Nxg5 {[%clk 01:25:00]} {[%emt 00:04:03]} 7. Nxg5 {[%clk 01:25:27]}
{[%emt 00:00:29]} b4 {[%clk 01:25:01]} {[%emt 00:00:29]} 8. Na4 {[%clk
01:20:16]} {[%emt 00:05:41]} d6 {[%clk 01:22:42]} {[%emt 00:02:49]} 9. e4
{[%clk 01:19:02]} {[%emt 00:01:44]} h6 {[%clk 01:21:26]} {[%emt 00:01:46]} 10.
Nf3 {[%clk 01:18:21]} {[%emt 00:01:11]} g6 {[%clk 01:18:09]} {[%emt 00:03:46]}
11. Bd3 {[%clk 01:17:33]} {[%emt 00:01:19]} Bg7 {[%clk 01:18:02]} {[%emt
00:00:37]} 12. O-O {[%clk 01:17:08]} {[%emt 00:00:56]} Nd7 {[%clk 01:17:21]}
{[%emt 00:01:10]} 13. a3 {[%clk 01:14:28]} {[%emt 00:03:10]} a5 {[%clk
01:16:13]} {[%emt 00:01:38]} 14. Qb3 {[%clk 01:13:08]} {[%emt 00:01:49]} O-O
{[%clk 01:14:19]} {[%emt 00:02:25]} 15. Nd2 {[%clk 01:06:51]} {[%emt 00:06:48]}
Ne5 {[%clk 01:11:39]} {[%emt 00:03:08]} 16. h3 {[%clk 01:05:39]} {[%emt
00:01:42]} Qe8 {[%clk 01:05:47]} {[%emt 00:06:23]} 17. axb4 {[%clk 01:01:24]}
{[%emt 00:04:45]} axb4 {[%clk 01:03:37]} {[%emt 00:02:40]} 18. Nb6 {[%clk
01:01:16]} {[%emt 00:00:38]} Rxa1 {[%clk 01:03:36]} {[%emt 00:00:31]} 19. Rxa1
{[%clk 01:01:05]} {[%emt 00:00:41]} Nxd3 {[%clk 01:03:14]} {[%emt 00:00:51]}
20. Qxd3 {[%clk 01:01:27]} {[%emt 00:00:08]} Bxb2 {[%clk 01:03:36]} {[%emt
00:00:09]} 21. Ra2 {[%clk 01:01:11]} {[%emt 00:00:45]} Qd8 {[%clk 00:59:35]}
{[%emt 00:04:31]} 22. Rxb2 {[%clk 00:57:25]} {[%emt 00:04:18]} Qxb6 {[%clk
00:59:38]} {[%emt 00:00:27]} 23. f4 {[%clk 00:54:44]} {[%emt 00:03:10]} Qa5
{[%clk 00:58:51]} {[%emt 00:01:17]} 24. Kh2 {[%clk 00:53:47]} {[%emt 00:01:26]}
Qa1 {[%clk 00:55:48]} {[%emt 00:03:31]} 25. Rb3 {[%clk 00:48:50]} {[%emt
00:05:28]} Ra8 {[%emt 00:03:53]} 26. Nf3 {[%clk 00:35:00]} {[%emt 00:13:00]}
Qc1 {[%clk 00:51:23]} {[%emt 00:02:53]} 27. Kg3 {[%clk 00:31:03]} {[%emt
00:04:28]} Ra2 {[%clk 00:44:00]} {[%emt 00:07:55]} 28. Rb1 {[%clk 00:25:28]}
{[%emt 00:06:05]} Qc2 {[%clk 00:40:23]} {[%emt 00:04:08]} 29. Qf1 {[%clk
00:25:24]} {[%emt 00:00:33]} b3 {[%clk 00:39:34]} {[%emt 00:01:19]} 30. e5
{[%clk 00:22:45]} {[%emt 00:03:08]} b2 {[%clk 00:31:40]} {[%emt 00:08:25]} 31.
exd6 {[%clk 00:17:27]} {[%emt 00:05:48]} exd6 {[%clk 00:32:04]} {[%emt
00:00:06]} 32. Qe1 {[%clk 00:13:55]} {[%emt 00:04:02]} Kg7 {[%clk 00:26:47]}
{[%emt 00:05:47]} 33. Nd2 {[%clk 00:12:33]} {[%emt 00:01:49]} Qc3+ {[%clk
00:24:06]} {[%emt 00:03:13]} 34. Kh2 {[%clk 00:12:26]} {[%emt 00:00:35]} Ra1
{[%clk 00:23:57]} {[%emt 00:00:42]} 35. Qd1 {[%clk 00:10:12]} {[%emt 00:02:43]}
Qc1 {[%clk 00:23:22]} {[%emt 00:01:06]} 0-1

[Event "DEM U12 2025"]
[Site "Willingen GER"]
[Date "2025.06.13"]
[Round "8"]
[White "Geschke, Jonathan"]
[Black "Krishnan, Vihaan"]
[Result "1/2-1/2"]
[Termination "normal"]
[Board "15"]
[WhiteElo "1667"]
[BlackElo "1731"]
[WhiteClock "01:04:05"]
[BlackClock "00:22:05"]
[PlyCount "47"]
[WhiteFideId "34636129"]
[BlackFideId "34633910"]
[EventCountry "GER"]
[EventRounds "9"]
[EventType "swiss"]
[EventDate "2025.06.07"]

1. e4 {[%clk 01:30:59]} c5 {[%clk 01:30:54]} {[%emt 00:00:06]} 2. Nf3 {[%clk
01:31:24]} {[%emt 00:00:05]} e6 {[%clk 01:31:20]} {[%emt 00:00:04]} 3. d4
{[%clk 01:31:50]} {[%emt 00:00:04]} cxd4 {[%clk 01:31:46]} {[%emt 00:00:04]} 4.
Nxd4 {[%clk 01:32:14]} {[%emt 00:00:06]} Nf6 {[%clk 01:32:09]} {[%emt
00:00:06]} 5. Nc3 {[%clk 01:29:39]} {[%emt 00:03:06]} Nc6 {[%clk 01:32:32]}
{[%emt 00:00:08]} 6. Ndb5 {[%clk 01:29:35]} {[%emt 00:00:34]} d6 {[%clk
01:31:53]} {[%emt 00:01:09]} 7. Bf4 {[%clk 01:29:56]} {[%emt 00:00:09]} e5
{[%clk 01:32:18]} {[%emt 00:00:04]} 8. Bg5 {[%clk 01:30:22]} {[%emt 00:00:05]}
a6 {[%clk 01:32:42]} {[%emt 00:00:06]} 9. Na3 {[%clk 01:30:38]} {[%emt
00:00:14]} b5 {[%clk 01:33:04]} {[%emt 00:00:07]} 10. Nd5 {[%clk 01:30:52]}
{[%emt 00:00:16]} Be7 {[%clk 01:33:25]} {[%emt 00:00:09]} 11. Bxf6 {[%clk
01:31:15]} {[%emt 00:00:07]} Bxf6 {[%clk 01:33:50]} {[%emt 00:00:06]} 12. c4
{[%clk 01:31:30]} {[%emt 00:00:15]} b4 {[%clk 01:34:12]} {[%emt 00:00:08]} 13.
Nc2 {[%clk 01:31:34]} {[%emt 00:00:25]} a5 {[%clk 01:31:42]} {[%emt 00:03:01]}
14. g3 {[%clk 01:31:01]} {[%emt 00:01:02]} Bg5 {[%clk 01:24:28]} {[%emt
00:07:44]} 15. h4 {[%clk 01:31:15]} {[%emt 00:00:16]} Bh6 {[%clk 01:22:27]}
{[%emt 00:02:31]} 16. Bh3 {[%clk 01:29:52]} {[%emt 00:01:53]} Bb7 {[%clk
00:58:59]} {[%emt 00:23:58]} 17. Qf3 {[%clk 01:22:14]} {[%emt 00:08:08]} Ne7
{[%clk 00:51:19]} {[%emt 00:08:11]} 18. Nce3 {[%clk 01:16:56]} {[%emt
00:05:47]} Bxe3 {[%clk 00:38:44]} {[%emt 00:13:06]} 19. Qxe3 {[%clk 01:13:03]}
{[%emt 00:04:21]} Nxd5 {[%clk 00:37:21]} {[%emt 00:01:54]} 20. cxd5 {[%clk
01:09:45]} {[%emt 00:03:48]} Bc8 {[%clk 00:28:12]} {[%emt 00:09:39]} 21. Bxc8
{[%clk 01:04:34]} {[%emt 00:05:42]} Rxc8 {[%clk 00:28:22]} {[%emt 00:00:20]}
22. Rc1 {[%clk 01:03:51]} {[%emt 00:01:11]} Rxc1+ {[%clk 00:24:51]} {[%emt
00:04:02]} 23. Qxc1 {[%clk 01:04:18]} {[%emt 00:00:03]} O-O {[%clk 00:22:05]}
{[%emt 00:03:15]} 24. O-O {[%clk 01:04:05]} {[%emt 00:00:43]} 1/2-1/2

[Event "DEM U12 2025"]
[Site "Willingen GER"]
[Date "2025.06.13"]
[Round "8"]
[White "Moskalenko, Michael"]
[Black "Braren, Ove Neelis"]
[Result "0-1"]
[Termination "normal"]
[Board "16"]
[WhiteElo "1720"]
[BlackElo "1716"]
[WhiteClock "00:01:26"]
[BlackClock "00:12:56"]
[PlyCount "74"]
[WhiteFideId "34608877"]
[BlackFideId "34663770"]
[EventCountry "GER"]
[EventRounds "9"]
[EventType "swiss"]
[EventDate "2025.06.07"]

1. d4 {[%clk 01:30:59]} {[%emt 00:00:02]} d5 {[%clk 01:30:38]} {[%emt
00:00:21]} 2. c4 {[%clk 01:31:24]} {[%emt 00:00:05]} e6 {[%clk 01:30:53]}
{[%emt 00:00:15]} 3. Nf3 {[%clk 01:31:48]} {[%emt 00:00:05]} Nf6 {[%clk
01:31:13]} {[%emt 00:00:10]} 4. g3 {[%clk 01:32:14]} {[%emt 00:00:04]} Bb4+
{[%clk 01:31:29]} {[%emt 00:00:14]} 5. Bd2 {[%clk 01:32:39]} {[%emt 00:00:05]}
Be7 {[%clk 01:31:50]} {[%emt 00:00:09]} 6. Bg2 {[%clk 01:33:05]} {[%emt
00:00:05]} c6 {[%clk 01:31:57]} {[%emt 00:00:24]} 7. Qc2 {[%clk 01:33:30]}
{[%emt 00:00:05]} b6 {[%clk 01:32:00]} {[%emt 00:00:26]} 8. O-O {[%clk
01:33:41]} {[%emt 00:00:18]} Nbd7 {[%clk 01:32:17]} {[%emt 00:00:13]} 9. Rd1
{[%clk 01:33:45]} {[%emt 00:00:26]} Bb7 {[%clk 01:32:39]} {[%emt 00:00:09]} 10.
Bf4 {[%clk 01:33:48]} {[%emt 00:00:27]} O-O {[%clk 01:32:53]} {[%emt 00:00:15]}
11. cxd5 {[%clk 01:32:40]} {[%emt 00:01:39]} exd5 {[%clk 01:28:49]} {[%emt
00:04:34]} 12. Ne5 {[%clk 01:25:50]} {[%emt 00:07:20]} Rc8 {[%clk 01:20:13]}
{[%emt 00:09:05]} 13. Bh3 {[%clk 01:08:13]} {[%emt 00:18:06]} c5 {[%clk
01:11:19]} {[%emt 00:09:25]} 14. Qa4 {[%clk 01:03:49]} {[%emt 00:04:54]} Nxe5
{[%clk 00:47:04]} {[%emt 00:24:46]} 15. Bxc8 {[%clk 01:01:23]} {[%emt
00:02:57]} Qxc8 {[%clk 00:47:05]} {[%emt 00:00:27]} 16. dxe5 {[%clk 00:59:07]}
{[%emt 00:02:47]} Ne8 {[%clk 00:45:38]} {[%emt 00:01:56]} 17. Qxa7 {[%clk
00:46:53]} {[%emt 00:12:46]} Qc6 {[%clk 00:45:12]} {[%emt 00:00:55]} 18. Qa3
{[%clk 00:34:34]} {[%emt 00:12:49]} Nc7 {[%clk 00:44:17]} {[%emt 00:01:24]} 19.
Qf3 {[%clk 00:29:10]} {[%emt 00:05:54]} Ne6 {[%clk 00:43:23]} {[%emt 00:01:25]}
20. Nd2 {[%clk 00:22:50]} {[%emt 00:06:53]} Nd4 {[%clk 00:42:56]} {[%emt
00:00:57]} 21. Qg4 {[%clk 00:20:04]} {[%emt 00:03:14]} Ba6 {[%clk 00:42:24]}
{[%emt 00:01:04]} 22. Re1 {[%clk 00:10:47]} {[%emt 00:09:46]} Nc2 {[%clk
00:42:23]} {[%emt 00:00:31]} 23. Rac1 {[%clk 00:11:02]} {[%emt 00:00:15]} Nxe1
{[%clk 00:42:40]} {[%emt 00:00:14]} 24. Rxe1 {[%clk 00:11:28]} {[%emt
00:00:04]} Bb7 {[%clk 00:38:38]} {[%emt 00:04:32]} 25. Nf3 {[%clk 00:10:41]}
{[%emt 00:01:16]} d4 {[%clk 00:37:20]} {[%emt 00:01:49]} 26. Rd1 {[%clk
00:05:22]} {[%emt 00:05:49]} Qe4 {[%clk 00:35:34]} {[%emt 00:02:16]} 27. Rd2
{[%clk 00:04:25]} {[%emt 00:01:25]} Rd8 {[%clk 00:29:33]} {[%emt 00:06:32]} 28.
Kg2 {[%clk 00:01:55]} {[%emt 00:03:01]} Kh8 {[%clk 00:28:12]} {[%emt 00:01:50]}
29. h4 {[%clk 00:01:22]} {[%emt 00:01:04]} c4 {[%clk 00:25:34]} {[%emt
00:03:08]} 30. h5 {[%clk 00:01:12]} {[%emt 00:00:41]} d3 {[%clk 00:25:11]}
{[%emt 00:00:52]} 31. exd3 {[%clk 00:01:34]} {[%emt 00:00:08]} Rxd3 {[%clk
00:22:52]} {[%emt 00:02:50]} 32. Rxd3 {[%clk 00:01:43]} {[%emt 00:00:22]} cxd3
{[%clk 00:23:10]} {[%emt 00:00:10]} 33. h6 {[%clk 00:02:06]} {[%emt 00:00:08]}
g5 {[%clk 00:21:34]} {[%emt 00:02:06]} 34. e6 {[%clk 00:01:51]} {[%emt
00:00:45]} d2 {[%clk 00:12:49]} {[%emt 00:09:16]} 35. Bxd2 {[%clk 00:00:42]}
{[%emt 00:01:38]} Qxg4 {[%clk 00:12:53]} {[%emt 00:00:27]} 36. exf7 {[%clk
00:01:09]} {[%emt 00:00:03]} Qxf3+ {[%clk 00:12:35]} {[%emt 00:00:47]} 37. Kh3
{[%clk 00:01:26]} {[%emt 00:00:13]} Qh5# {[%clk 00:12:56]} {[%emt 00:00:08]}
0-1

[Event "DEM U12 2025"]
[Site "Willingen GER"]
[Date "2025.06.13"]
[Round "8"]
[White "Fattori Dittmar, Luca"]
[Black "Ziem, Ole"]
[Result "1/2-1/2"]
[Termination "normal"]
[Board "17"]
[WhiteElo "1671"]
[BlackElo "1670"]
[WhiteClock "01:31:19"]
[BlackClock "00:27:24"]
[PlyCount "112"]
[WhiteFideId "34678883"]
[BlackFideId "34624791"]
[EventCountry "GER"]
[EventRounds "9"]
[EventType "swiss"]
[EventDate "2025.06.07"]

1. d4 {[%clk 01:30:59]} {[%emt 00:00:02]} Nf6 {[%clk 01:30:43]} {[%emt
00:00:15]} 2. Nc3 {[%clk 01:31:25]} {[%emt 00:00:05]} d5 {[%clk 01:30:40]}
{[%emt 00:00:33]} 3. Bf4 {[%clk 01:31:49]} {[%emt 00:00:06]} g6 {[%clk
01:30:28]} {[%emt 00:00:42]} 4. Nf3 {[%clk 01:31:44]} {[%emt 00:00:35]} Bg7
{[%clk 01:30:34]} {[%emt 00:00:23]} 5. e3 {[%clk 01:31:59]} {[%emt 00:00:16]}
O-O {[%clk 01:30:22]} {[%emt 00:00:41]} 6. Be2 {[%clk 01:32:25]} {[%emt
00:00:06]} c5 {[%clk 01:28:22]} {[%emt 00:02:30]} 7. Ne5 {[%clk 01:32:28]}
{[%emt 00:00:26]} Nc6 {[%clk 01:25:33]} {[%emt 00:03:19]} 8. O-O {[%clk
01:32:24]} {[%emt 00:00:34]} cxd4 {[%clk 01:20:36]} {[%emt 00:05:28]} 9. exd4
{[%clk 01:32:47]} {[%emt 00:00:07]} Bf5 {[%clk 01:20:16]} {[%emt 00:00:49]} 10.
Nxc6 {[%clk 01:32:08]} {[%emt 00:01:09]} bxc6 {[%clk 01:20:08]} {[%emt
00:00:38]} 11. Bd3 {[%clk 01:32:14]} {[%emt 00:00:24]} Qd7 {[%clk 01:14:54]}
{[%emt 00:05:44]} 12. Na4 {[%clk 01:31:30]} {[%emt 00:01:14]} Ne4 {[%clk
01:11:10]} {[%emt 00:04:14]} 13. Bxe4 {[%clk 01:31:29]} {[%emt 00:00:32]} Bxe4
{[%clk 01:09:41]} {[%emt 00:01:59]} 14. Qd2 {[%clk 01:27:15]} {[%emt 00:04:43]}
Qb7 {[%clk 00:58:24]} {[%emt 00:11:47]} 15. c3 {[%clk 01:26:53]} {[%emt
00:00:51]} Qb5 {[%clk 00:57:23]} {[%emt 00:01:32]} 16. Nc5 {[%clk 01:26:41]}
{[%emt 00:00:42]} Bf5 {[%clk 00:57:40]} {[%emt 00:00:14]} 17. a4 {[%clk
01:27:00]} {[%emt 00:00:11]} Qb6 {[%clk 00:57:24]} {[%emt 00:00:44]} 18. a5
{[%clk 01:27:13]} {[%emt 00:00:19]} Qb5 {[%clk 00:56:50]} {[%emt 00:01:02]} 19.
Ra4 {[%clk 01:26:58]} {[%emt 00:00:46]} e5 {[%clk 00:53:38]} {[%emt 00:03:42]}
20. Rb4 {[%clk 01:25:49]} {[%emt 00:01:39]} Qxa5 {[%clk 00:53:32]} {[%emt
00:00:37]} 21. Ra4 {[%clk 01:24:39]} {[%emt 00:01:40]} Qc7 {[%clk 00:51:19]}
{[%emt 00:02:41]} 22. dxe5 {[%clk 01:24:09]} {[%emt 00:01:01]} Bxe5 {[%clk
00:47:52]} {[%emt 00:03:57]} 23. Re1 {[%clk 01:23:26]} {[%emt 00:01:13]} Rfe8
{[%clk 00:46:36]} {[%emt 00:01:46]} 24. Bxe5 {[%clk 01:22:26]} {[%emt
00:01:31]} Rxe5 {[%clk 00:46:36]} {[%emt 00:00:29]} 25. Rxe5 {[%clk 01:21:40]}
{[%emt 00:01:16]} Qxe5 {[%clk 00:47:00]} {[%emt 00:00:06]} 26. h3 {[%clk
01:20:46]} {[%emt 00:01:25]} Qe7 {[%clk 00:42:38]} {[%emt 00:04:51]} 27. b4
{[%clk 01:20:39]} {[%emt 00:00:38]} Re8 {[%clk 00:42:51]} {[%emt 00:00:16]} 28.
Ra1 {[%clk 01:19:40]} {[%emt 00:01:30]} Qc7 {[%clk 00:33:19]} {[%emt 00:10:00]}
29. Re1 {[%clk 01:19:15]} {[%emt 00:00:56]} Rxe1+ {[%clk 00:32:49]} {[%emt
00:00:59]} 30. Qxe1 {[%clk 01:19:40]} {[%emt 00:00:06]} Kg7 {[%clk 00:33:01]}
{[%emt 00:00:19]} 31. Qe3 {[%clk 01:19:22]} {[%emt 00:00:46]} Qd8 {[%clk
00:29:00]} {[%emt 00:04:32]} 32. Nb3 {[%clk 01:17:57]} {[%emt 00:01:55]} Qf6
{[%clk 00:26:55]} {[%emt 00:02:35]} 33. Nd4 {[%clk 01:17:45]} {[%emt 00:00:43]}
Bd7 {[%clk 00:26:55]} {[%emt 00:00:30]} 34. Nf3 {[%clk 01:16:31]} {[%emt
00:01:43]} h5 {[%clk 00:23:08]} {[%emt 00:04:17]} 35. Ne5 {[%clk 01:15:58]}
{[%emt 00:01:04]} Bf5 {[%clk 00:23:20]} {[%emt 00:00:17]} 36. Qd4 {[%clk
01:15:35]} {[%emt 00:00:54]} Kh7 {[%clk 00:21:49]} {[%emt 00:02:00]} 37. f4
{[%clk 01:14:30]} {[%emt 00:01:35]} a6 {[%clk 00:20:19]} {[%emt 00:02:00]} 38.
Kh2 {[%clk 01:11:37]} {[%emt 00:03:22]} Be4 {[%clk 00:19:14]} {[%emt 00:01:36]}
39. Qe3 {[%clk 01:11:51]} {[%emt 00:00:19]} g5 {[%clk 00:18:45]} {[%emt
00:00:58]} 40. g3 {[%clk 01:11:18]} {[%emt 00:01:02]} h4 {[%clk 00:18:03]}
{[%emt 00:01:12]} 41. Ng4 {[%clk 01:08:58]} {[%emt 00:02:51]} hxg3+ {[%clk
00:16:47]} {[%emt 00:01:46]} 42. Kxg3 {[%clk 01:09:23]} {[%emt 00:00:05]} gxf4+
{[%clk 00:11:56]} {[%emt 00:05:21]} 43. Qxf4 {[%clk 01:08:33]} {[%emt
00:01:20]} Qxc3+ {[%clk 00:10:34]} {[%emt 00:01:53]} 44. Kh4 {[%clk 01:07:45]}
{[%emt 00:01:18]} Qe1+ {[%clk 00:10:06]} {[%emt 00:00:57]} 45. Kg5 {[%clk
01:07:56]} {[%emt 00:00:19]} Bg6 {[%clk 00:08:28]} {[%emt 00:02:09]} 46. Ne5
{[%clk 01:06:04]} {[%emt 00:02:21]} Qe4 {[%clk 00:06:03]} {[%emt 00:02:55]} 47.
Qxe4 {[%clk 01:04:41]} {[%emt 00:01:53]} Bxe4 {[%clk 00:04:55]} {[%emt
00:01:37]} 48. Nxc6 {[%clk 01:04:58]} {[%emt 00:00:14]} Kg7 {[%clk 00:05:06]}
{[%emt 00:00:19]} 49. Kf4 {[%clk 01:04:56]} {[%emt 00:00:31]} f5 {[%clk
00:05:22]} {[%emt 00:00:15]} 50. Ke5 {[%clk 01:02:26]} {[%emt 00:03:01]} Kf7
{[%clk 00:03:35]} {[%emt 00:02:16]} 51. Nb8 {[%clk 01:01:42]} {[%emt 00:01:15]}
Bd3 {[%clk 00:27:33]} {[%emt 00:06:31]} 52. Kxd5 {[%clk 01:31:45]} {[%emt
00:00:28]} Bb5 {[%clk 00:27:50]} {[%emt 00:00:12]} 53. Ke5 {[%clk 01:31:19]}
{[%emt 00:00:57]} Ke7 {[%clk 00:26:12]} {[%emt 00:02:08]} 54. Kxf5 {[%clk
01:31:00]} {[%emt 00:00:49]} Kd8 {[%clk 00:26:32]} {[%emt 00:00:09]} 55. h4
{[%clk 01:30:59]} {[%emt 00:00:31]} Kc7 {[%clk 00:26:59]} {[%emt 00:00:04]} 56.
Nxa6+ {[%clk 01:31:19]} {[%emt 00:00:09]} Bxa6 {[%clk 00:27:24]} {[%emt
00:00:04]} 1/2-1/2

[Event "DEM U12 2025"]
[Site "Willingen GER"]
[Date "2025.06.13"]
[Round "8"]
[White "Wagener, Nicolas"]
[Black "Obermair, Hannes"]
[Result "1-0"]
[Termination "normal"]
[Board "18"]
[WhiteElo "1765"]
[BlackElo "1663"]
[WhiteClock "00:38:13"]
[BlackClock "00:06:58"]
[PlyCount "65"]
[WhiteFideId "34607935"]
[BlackFideId "34640509"]
[EventCountry "GER"]
[EventRounds "9"]
[EventType "swiss"]
[EventDate "2025.06.07"]

1. d4 {[%clk 01:30:59]} d5 {[%clk 01:30:54]} {[%emt 00:00:07]} 2. e3 {[%clk
01:31:18]} {[%emt 00:00:11]} Nf6 {[%clk 01:31:12]} {[%emt 00:00:11]} 3. Nf3
{[%clk 01:31:32]} {[%emt 00:00:17]} e6 {[%clk 01:31:32]} {[%emt 00:00:11]} 4.
Bd3 {[%clk 01:31:55]} {[%emt 00:00:04]} Nbd7 {[%clk 01:30:36]} {[%emt
00:01:27]} 5. b3 {[%clk 01:32:11]} {[%emt 00:00:14]} c5 {[%clk 01:29:59]}
{[%emt 00:01:08]} 6. Bb2 {[%clk 01:32:20]} {[%emt 00:00:20]} b6 {[%clk
01:29:19]} {[%emt 00:01:10]} 7. Nbd2 {[%clk 01:32:36]} {[%emt 00:00:15]} Bb7
{[%clk 01:29:06]} {[%emt 00:00:43]} 8. O-O {[%clk 01:32:03]} {[%emt 00:01:02]}
Be7 {[%clk 01:28:08]} {[%emt 00:01:29]} 9. Ne5 {[%clk 01:32:15]} {[%emt
00:00:17]} O-O {[%clk 01:26:30]} {[%emt 00:02:08]} 10. f4 {[%clk 01:31:04]}
{[%emt 00:01:41]} Qc7 {[%clk 01:23:59]} {[%emt 00:03:00]} 11. c4 {[%clk
01:27:06]} {[%emt 00:04:29]} cxd4 {[%clk 01:09:03]} {[%emt 00:15:26]} 12. exd4
{[%clk 01:27:20]} {[%emt 00:00:17]} dxc4 {[%clk 00:59:17]} {[%emt 00:10:15]}
13. Ndxc4 {[%clk 01:27:22]} {[%emt 00:00:28]} Nd5 {[%clk 00:57:43]} {[%emt
00:01:59]} 14. Nxd7 {[%clk 01:26:49]} {[%emt 00:01:08]} Qxd7 {[%clk 00:56:26]}
{[%emt 00:01:46]} 15. Rf3 {[%clk 01:26:16]} {[%emt 00:00:58]} h6 {[%clk
00:47:37]} {[%emt 00:09:24]} 16. Rg3 {[%clk 01:18:17]} {[%emt 00:08:30]} Bf6
{[%clk 00:41:36]} {[%emt 00:06:28]} 17. Ne5 {[%clk 01:09:20]} {[%emt 00:09:29]}
Bxe5 {[%clk 00:37:00]} {[%emt 00:05:07]} 18. fxe5 {[%clk 01:08:53]} {[%emt
00:00:57]} f5 {[%clk 00:33:12]} {[%emt 00:04:16]} 19. Qh5 {[%clk 01:07:52]}
{[%emt 00:01:26]} Kh7 {[%clk 00:26:44]} {[%emt 00:06:51]} 20. Ba3 {[%clk
00:58:39]} {[%emt 00:09:58]} Qf7 {[%clk 00:24:45]} {[%emt 00:02:27]} 21. Qh4
{[%clk 00:50:19]} {[%emt 00:08:38]} Rfc8 {[%clk 00:24:12]} {[%emt 00:01:16]}
22. Rf1 {[%clk 00:48:48]} {[%emt 00:02:03]} Rg8 {[%clk 00:21:25]} {[%emt
00:03:13]} 23. Rgf3 {[%clk 00:43:36]} {[%emt 00:05:44]} g5 {[%clk 00:16:20]}
{[%emt 00:05:35]} 24. Rxf5 {[%clk 00:42:17]} {[%emt 00:01:51]} exf5 {[%clk
00:12:09]} {[%emt 00:04:42]} 25. Rxf5 {[%clk 00:42:40]} {[%emt 00:00:06]} Qxf5
{[%clk 00:07:32]} {[%emt 00:05:06]} 26. Bxf5+ {[%clk 00:43:04]} {[%emt
00:00:07]} Kg7 {[%clk 00:07:53]} {[%emt 00:00:07]} 27. Qe4 {[%clk 00:41:14]}
{[%emt 00:02:19]} Rad8 {[%clk 00:07:28]} {[%emt 00:00:56]} 28. e6 {[%clk
00:41:16]} {[%emt 00:00:30]} Rge8 {[%clk 00:07:23]} {[%emt 00:00:32]} 29. Qe5+
{[%clk 00:40:19]} {[%emt 00:01:29]} Kg8 {[%clk 00:07:16]} {[%emt 00:00:38]} 30.
e7 {[%clk 00:40:03]} {[%emt 00:00:47]} Nxe7 {[%clk 00:06:51]} {[%emt 00:00:54]}
31. Bxe7 {[%emt 00:02:06]} Rd5 {[%clk 00:07:06]} 32. Qe6+ {[%clk 00:37:54]}
{[%emt 00:01:18]} Kg7 {[%clk 00:06:58]} {[%emt 00:00:36]} 33. Qg6+ {[%clk
00:38:13]} {[%emt 00:00:13]} 1-0

[Event "DEM U12 2025"]
[Site "Willingen GER"]
[Date "2025.06.13"]
[Round "8"]
[White "Vilain, Philip"]
[Black "Shalovylo, Matvii"]
[Result "1/2-1/2"]
[Termination "normal"]
[Board "19"]
[WhiteElo "1791"]
[BlackElo "1788"]
[WhiteClock "00:37:35"]
[BlackClock "00:44:55"]
[PlyCount "45"]
[WhiteFideId "34662820"]
[BlackFideId "41846516"]
[EventCountry "GER"]
[EventRounds "9"]
[EventType "swiss"]
[EventDate "2025.06.07"]

1. e4 {[%clk 01:30:58]} {[%emt 00:00:02]} e6 {[%clk 01:30:55]} {[%emt
00:00:06]} 2. d4 {[%clk 01:31:22]} {[%emt 00:00:05]} d5 {[%clk 01:31:20]}
{[%emt 00:00:05]} 3. e5 {[%clk 01:31:27]} {[%emt 00:00:25]} c5 {[%clk
01:31:45]} {[%emt 00:00:06]} 4. c3 {[%clk 01:31:53]} {[%emt 00:00:03]} Nc6
{[%clk 01:32:09]} {[%emt 00:00:05]} 5. Nf3 {[%clk 01:32:16]} {[%emt 00:00:07]}
Bd7 {[%clk 01:32:03]} {[%emt 00:00:36]} 6. Be2 {[%clk 01:30:42]} {[%emt
00:02:04]} Qb6 {[%clk 01:30:23]} {[%emt 00:02:10]} 7. a3 {[%clk 01:29:25]}
{[%emt 00:01:46]} cxd4 {[%clk 01:27:38]} {[%emt 00:03:16]} 8. cxd4 {[%clk
01:28:24]} {[%emt 00:01:32]} Nge7 {[%clk 01:26:57]} {[%emt 00:01:10]} 9. Nc3
{[%clk 01:25:50]} {[%emt 00:03:05]} a6 {[%clk 01:24:22]} {[%emt 00:03:05]} 10.
Na4 {[%clk 01:23:01]} {[%emt 00:03:18]} Qc7 {[%clk 01:22:24]} {[%emt 00:02:25]}
11. Be3 {[%clk 01:19:28]} {[%emt 00:04:07]} Nf5 {[%clk 01:19:35]} {[%emt
00:03:18]} 12. O-O {[%clk 01:18:03]} {[%emt 00:01:56]} Be7 {[%clk 01:17:44]}
{[%emt 00:02:20]} 13. Rc1 {[%clk 01:17:17]} {[%emt 00:01:15]} b5 {[%clk
01:11:22]} {[%emt 00:06:52]} 14. Nc5 {[%clk 01:09:50]} {[%emt 00:07:58]} Bxc5
{[%clk 01:10:30]} {[%emt 00:01:18]} 15. Rxc5 {[%clk 01:08:26]} {[%emt
00:01:58]} Qb7 {[%clk 01:07:00]} {[%emt 00:04:00]} 16. Bd3 {[%clk 01:02:18]}
{[%emt 00:06:38]} Nfe7 {[%clk 01:03:41]} {[%emt 00:03:48]} 17. b4 {[%clk
00:59:48]} {[%emt 00:03:01]} Rc8 {[%clk 01:01:17]} {[%emt 00:02:54]} 18. Qd2
{[%clk 00:56:12]} {[%emt 00:04:06]} h6 {[%clk 00:55:25]} {[%emt 00:06:22]} 19.
Rfc1 {[%clk 00:54:39]} {[%emt 00:02:03]} Nb8 {[%clk 00:51:23]} {[%emt
00:04:32]} 20. R1c2 {[%clk 00:43:10]} {[%emt 00:11:59]} Bc6 {[%clk 00:48:57]}
{[%emt 00:02:57]} 21. Qc1 {[%clk 00:39:19]} {[%emt 00:04:20]} Nd7 {[%clk
00:45:34]} {[%emt 00:03:53]} 22. R5c3 {[%clk 00:38:48]} {[%emt 00:01:01]} Nb6
{[%clk 00:44:55]} {[%emt 00:01:10]} 23. Nd2 {[%clk 00:37:35]} {[%emt 00:01:42]}
1/2-1/2